Things that begin with J - Statistics

General Stats
  • This quiz has been taken 181 times
    158 since last reset
  • The average score is 13 of 15
Answer Stats
Hint Answer % Correct
This website Jetpunk
98%
US president who got assassinated in Dallas John F Kennedy
95%
A substance that usually contains fruit and sugar Jam | Juice
94%
Occupation Job
94%
Land of the rising sun Japan
91%
Something funny Joke
91%
Throwing multiple objects in the air while catching and throwing them Juggle
91%
Wet forest like area Jungle
90%
A sport where you throw a long, sharp stick Javelin
87%
Sea creature that has no brain nor heart Jellyfish
82%
One of the Holy Trinity in Catholicism Jesus
82%
Spicy chili from the americas Jalapeño
80%
Popular christmas carol Jingle Bells
79%
French woman who led the french army in the 100 year war Joan of Arc
74%
The above was this Jew
51%
No matching quizzes found
Score Distribution
Percent of People with Each Score
Percentile by Number Answered
Your Score History
You have not taken this quiz since the last reset